El humanismo / (Record no. 51459)

MARC details
000 -LEADER
campo de control de longitud fija 00812nam a2200193 i 4500
001 - NÚMERO DE CONTROL
campo de control 51459
003 - IDENTIFICADOR DE NÚMERO DE CONTROL
campo de control ES-MaACL
005 - FECHA Y HORA DE LA ÚLTIMA TRANSACCIÓN
campo de control 20230906162352.0
007 - CAMPO FIJO DE DESCRIPCIÓN FÍSICA--INFORMACIÓN GENERAL
campo de control de longitud fija t|
008 - DATOS DE LONGITUD FIJA--INFORMACIÓN GENERAL
campo de control de longitud fija 030813s1964 sp ||||1| spa d
100 1# - ENTRADA PRINCIPAL--NOMBRE DE PERSONA
Nombre de persona Chastel, André.
9 (RLIN) 38168
245 13 - MENCIÓN DEL TÍTULO
Título El humanismo /
Mención de responsabilidad, etc. André Chastel, Rober Clein ; publicado bajo los auspicios del Consejo de Cooperación Cultural con motivo de la I Exposición de Cooperación Cultural organizada en 1954 en Bruxelas por el Gobierno Belga.
260 ## - PUBLICACIÓN, DISTRIBUCIÓN, ETC.
Lugar de publicación, distribución, etc. Barcelona :
Nombre del editor, distribuidor, etc. Salvat,
Fecha de publicación, distribución, etc. [1964]
300 ## - DESCRIPCIÓN FÍSICA
Extensión 340 p., 104 lám. ;
Dimensiones 35 cm.
700 1# - ENTRADA AGREGADA--NOMBRE PERSONAL
Nombre de persona Clein, Robert.
9 (RLIN) 39167
710 2# - ENTRADA AGREGADA--NOMBRE DE ENTIDAD CORPORATIVA
Nombre de entidad corporativa o nombre de jurisdicción como elemento de entrada Consejo de Europa.
Unidad subordinada Consejo de Cooperación Cultural.
9 (RLIN) 3187
711 2# - ENTRADA AGREGADA--NOMBRE DE REUNIÓN
Nombre de congreso/reunión o jurisdicción como elemento de entrada Exposición de Arte del Consejo de Europa (
Número del congreso/reunión o número de parte o sección 1º.
Fecha del congreso o de la firma del tratado 1954.
Sede del congreso/Lugar de la reunión Bruselas)
9 (RLIN) 668
852 ## - LOCALIZACIÓN
Ubicación ES-MaACL
Número de control de estantería C-26817
Sublocalización o colección R.55533
Holdings
Estatus retirado Estado de pérdida Estado de daño No para préstamo Biblioteca de origen Biblioteca actual Ubicación en estantería Fecha de adquisición Fuente de adquisición Total de préstamos Signatura topográfica completa Código de barras Visto por última vez Precio de reemplazo Tipo de ítem Koha
        Biblioteca del Ateneo de Madrid Biblioteca del Ateneo de Madrid Depósito 2 17/01/2008     C-26817 1054118 23/02/2023 23/02/2023 Libro impreso